Impact of Irrigation on Indian Economy (Record no. 14159)
[ view plain ]
| 000 -LEADER | |
|---|---|
| fixed length control field | 00313nam a22001217a 4500 |
| 020 ## - INTERNATIONAL STANDARD BOOK NUMBER | |
| ISBN | 9788183874434 |
| 082 ## - DEWEY DECIMAL CLASSIFICATION NUMBER | |
| Classification number | 631.587 |
| Item number | PAW/IM |
| 100 ## - MAIN ENTRY--AUTHOR NAME | |
| Personal name | Pawar, AN |
| -- | Bhaise, V B |
| 245 ## - TITLE STATEMENT | |
| Title | Impact of Irrigation on Indian Economy |
| 260 ## - PUBLICATION, DISTRIBUTION, ETC. (IMPRINT) | |
| Place of publication | New Delhi |
| Name of publisher | Serials Publications |
| Year of publication | 2011 |
| 300 ## - PHYSICAL DESCRIPTION | |
| Number of Pages | 210 |
| 942 ## - ADDED ENTRY ELEMENTS (KOHA) | |
| Koha item type | Books |
No items available.
